000 00874nam a22002777a 4500
001 00260
003 DO-SdBNP
005 20231017123819.0
008 151124b1995 sp 00| 0 spa d
020 _a848912213X
040 _aBPMSU
_bspa
_cBPMSU
082 4 _a861.5
_bC355e 1995
_222
092 _axxxxx
_bxxxxx
100 1 _aCastro, Rosalía de,
_d1837-1885.
245 1 0 _aEn las orillas del Sar /
_cRosalía de Castro.
260 _aBarcelona :
_bMainer Til,
_c1995.
300 _a189 p. ;
_b22 cm.
490 0 _aClásicos de la literatura universal
500 _aIncluye datos biográficos de la autora.
590 _aInventariado, 2023/VM
600 1 4 _aCastro, Rosalía de,
_d1837-1885
_xCrítica e interpretación.
650 4 _aPoesía española.
651 4 _aGalicia (España)
_xPoesía.
910 _aVMateo V. Control de calidad. BPMSU
942 _2ddc
_cBK
999 _c8884
_d8884